LEADER 02600nam 2200577 450 001 9910463710603321 005 20200520144314.0 010 $a1-78023-212-8 035 $a(CKB)2670000000531021 035 $a(EBL)1644076 035 $a(SSID)ssj0001211727 035 $a(PQKBManifestationID)11694615 035 $a(PQKBTitleCode)TC0001211727 035 $a(PQKBWorkID)11206523 035 $a(PQKB)11252407 035 $a(MiAaPQ)EBC1644076 035 $a(Au-PeEL)EBL1644076 035 $a(CaPaEBR)ebr10847782 035 $a(CaONFJC)MIL585248 035 $a(OCoLC)871781908 035 $a(EXLCZ)992670000000531021 100 $a20140326d2013 uy| 0 101 0 $aeng 135 $aur|n|---||||| 181 $ctxt 182 $cc 183 $acr 200 14$aThe cry of nature $eart and the making of animal rights /$fStephen F. Eisenman 210 1$aLondon, UK :$cReaktion Books,$d2013. 215 $a1 online resource (311 p.) 300 $aDescription based upon print version of record. 311 $a1-78023-195-4 320 $aIncludes bibliographical references and index. 327 $aCover; The Cry of Nature: Art and the Making of Animal Rights; Imprint Page; Contents; Introduction; One: What is an Animal?; Two: Animals into Meat; Three: The Cry of Nature; Four: Counter-Revolution; Five: Primal Scenes; Conclusion: Art and Animals Right Now; References; Further Reading; Acknowledgements; Photo Acknowledgements; Index 330 $a The eighteenth century saw the rise of new and more sympathetic understanding of animals as philosophy, literature, and art argued that animals could feel and therefore possess inalienable rights. This idea gave birth to a diverse movement that affects how we understand our relationship to the natural world. The Cry of Nature details a crucial period in the history of this movement, revealing the significant role art played in the growth of animal rights. Stephen F. Eisenman shows how artists from William Hogarth to Pablo Picasso and Sue Coe have represented the sufferi 606 $aAnimal rights$xHistory 606 $aAnimals in art$xHistory 606 $aAnimal rights movement$xHistory 608 $aElectronic books. 615 0$aAnimal rights$xHistory. 615 0$aAnimals in art$xHistory. 615 0$aAnimal rights movement$xHistory. 676 $a704.9432 700 $aEisenman$b Stephen F.$0953576 801 0$bMiAaPQ 801 1$bMiAaPQ 801 2$bMiAaPQ 906 $aBOOK 912 $a9910463710603321 996 $aThe cry of nature$92156126 997 $aUNINA LEADER 03818nam 2200601z- 450 001 9910557842403321 005 20231214132839.0 035 $a(CKB)5400000000048390 035 $a(oapen)https://directory.doabooks.org/handle/20.500.12854/80066 035 $a(EXLCZ)995400000000048390 100 $a20202204d2018 |y 0 101 0 $aeng 135 $aurmn|---annan 181 $ctxt$2rdacontent 182 $cc$2rdamedia 183 $acr$2rdacarrier 200 10$aHistori?ni seminar 13 210 $aLjubljana$cZRC SAZU, Zalo?ba ZRC$d2018 215 $a1 electronic resource (190 p.) 311 $a961-05-0093-5 311 $a961-05-0094-3 330 $aThe volume Histori?ni seminar 13 ('Historical Seminar 13') offers a selection of articles that have been ?filtered? through the cycle of lectures over the past two years. These articles were written by ten researchers from Slovenia, Austria, Croatia, and Germany. Histori?ni seminar 13 continues to examine its origin in the humanities by looking at history and describing the past, with perspectives that are also directed toward other disciplines: geography, comparative literature, ethnomusicology, and cultural anthropology. However, it always maintains a critical distance, which is emphasized in various ways because many of the articles question previous assumptions of past studies and their subjective points of departure. In this manner, this volume makes an important contribution to critical thought about scholarship in general and about the future tasks of the humanities and the social sciences. At the same time, it adds an increasingly current ethical touch to much of its material. Histori?ni seminar 13 is freely available online. 330 $aHistori?ni seminar 13 prina?a izbor devetih razprav, ki jih je prispevalo deset slovenskih, avstrijskih, hrva?kih in nem?kih strokovnjakov. V interdisciplinarnem prepletu humanisti?nih in dru?boslovnih ved izstopajo razli?ni pogledi na zgodovino, v motrenje tega, kar je bilo, s pogledi, usmerjenimi tudi v geografijo, komparativistiko, etnomuzikologijo, kulturno antropologijo. A nikakor ne brez kriti?ne distance, ki je v pri?ujo?i monografiji na razli?ne na?ine ?e posebej poudarjena, saj ?tevilni ?lanki preizpra?ujejo predpostavke do sedaj ?e opravljenih raziskav in nujno subjektivna izhodi??a, ki posameznike vodijo pri njihovih ugotovitvah (in jih seveda najdemo povsod, le da so v humanisti?nih vedah morda ?e bolj na o?eh). Na ta na?in Histori?ni seminar 13 lahko pomembno prispeva h kriti?ni misli o znanosti ter o prihodnjih nalogah humanistike in dru?boslovja, obenem pa marsikateri vsebini dodaja tudi vse bolj aktualno eti?no noto. Monografija, ki jo bo v roke z veseljem vzel marsikateri bralec, je prosto dostopna tudi na spletu. 606 $aHistory: theory & methods$2bicssc 610 $acollective volume 610 $acultural history 610 $ahistoriography 610 $ahistory 610 $alexicography 610 $aNew Age 610 $apolitical history 610 $areligious history 610 $aSlovenian geographical names 610 $aSlovenians 610 $acerkvena zgodovina 610 $akulturna zgodovina 610 $aleksikografija 610 $anovi vek 610 $apoliti?na zgodovina 610 $aSlovenci 610 $aslovenska zemljepisna imena 610 $azborniki 610 $azgodovina 610 $azgodovinopisje 615 7$aHistory: theory & methods 700 $a?agar Karer$b Mojca$4edt$01240771 702 $a?ter$b Katarina$4edt 702 $a?agar Karer$b Mojca$4oth 702 $a?ter$b Katarina$4oth 906 $aBOOK 912 $a9910557842403321 996 $aHistori?ni seminar 13$93041227 997 $aUNINA